Kamenec, Ivan - Hlavinka, Ján. Spory o biskupa Vojtaššáka

Bibliographic Details
Main Author: Nižňanský, Eduard, 1955- (Author)
Format: Article
Language:Slovak
ISSN:0018-2575
Subjects:

MARC

LEADER 00000nab a2200000 a 4500
001 vtls009511204
003 SK-MaSNL
005 20260304182718.0
008 250507c2009 xo ||||||o| ||00 b|slo
015 |a SNBRB2009/05  |2 snkbucl 
035 |a urn:nbn:sk:snk-ab7xhx 
035 |a (urnnbn)urn:nbn:sk:snk:ar-004ssd 
035 |a (uuid)fddf13ea-4ce1-4e83-b951-b5930a531dfe 
038 |a SNKBUCL 
040 |a SNKBUCL  |b slo  |c SNKBUCL  |e AACR2 
041 0 |a slo 
044 |a xo  |c SK 
080 |a 2-051  |x (048)  |2 2001 
080 |a 94(437.6)-051  |x "18/19"  |x (048)  |2 2001 
080 |a 94(437.6)  |x "1938/1945"  |x (048)  |2 2001 
080 |a 323.12  |x (=411.16)  |x (437.6)  |x "1938/1945"  |x (048)  |2 2001 
080 |a 94(=411.16)  |x (437.6)  |x "1938/1945"  |x (048)  |2 2001 
100 1 |a Nižňanský, Eduard,  |d 1955-  |4 aut  |9 91352 
245 1 0 |a Kamenec, Ivan - Hlavinka, Ján. Spory o biskupa Vojtaššáka  |c Eduard Nižňanský 
600 1 7 |a Vojtaššák, Ján,  |d 1877-1965  |2 SNKMA  |9 38540 
648 7 |a 1938-1945  |2 snkbucl  |9 268164 
648 7 |a 20. stor., 30.-40. r.  |2 snkbucl  |9 405086 
650 0 7 |a spoločenská angažovanosť  |2 snkbucl  |9 67363 
650 0 7 |a politická angažovanosť  |2 snkbucl  |9 4741 
650 0 7 |a Židia  |2 SNKPH  |9 3760 
650 0 7 |a štúdie  |2 snkbucl  |9 92810 
650 0 7 |a holokaust (1939-1945)  |2 SNKPH  |9 160313 
650 0 7 |a antisemitizmus  |2 SNKPH  |9 4246 
650 0 7 |a deportácie Židov  |2 SNKPH  |9 4182 
651 7 |a Slovensko  |x dejiny  |2 snkbucl  |9 13278 
655 7 |a recenzie  |2 snkbucl  |9 21907 
773 0 |t Historický časopis  |g Roč. 57, č. 1 (2009), s. 150-152  |x 0018-2575 
787 0 8 |i Rec.:  |a Kamenec, Ivan, 1938-  |t Spory o biskupa Vojtaššáka  |d Bratislava : Dokumetačné stredisko holokaustu, 2008  |z 9788096985715 
787 0 8 |i Rec.:  |a Hlavinka, Ján, 1979-  |t Spory o biskupa Vojtaššáka  |d Bratislava : Dokumetačné stredisko holokaustu, 2008  |z 9788096985715 
850 |a Slovenská národná knižnica 
852 |a Slovenská národná knižnica 
954 |a odborná, vedecká literatúra pôvodná (slovenská)  |2 lita 
958 |a article9 
958 |a OND 
958 |a RC 
958 |a NT 
958 |a EUIPO 
999 |c 3030833  |d 3032763